Enfermedades del viajero / (Registro nro. 14567)

Detalles MARC
000 -LIDER
fixed length control field 00999cam a2200313 i 4500
001 - NÚMERO DE CONTROL
Identificador de número de control
003 - IDENTIFICACDOR DE NÚMERO DE CONTROL
control field DO-SdBNP
005 - DATE AND TIME OF LATEST TRANSACTION
control field 20240213123716.0
008 - ELEMENTOS DE LONGITUD FIJA
fixed length control field 120609t2003 sp a 000 0 spa
010 ## - NUMERO DE CONTROL DE BIBLIOTECA DEL CONGRESO
LC control number 2012547830
040 ## - FUENTE DE CATALOGACIÓN
Agencia que crea de manera original el registro BPMSU
Idioma de catalogación spa
Convenciones de la despripción rda
Agencia que realiza la transcripción BPMSU
Agencia que realiza la modificación
082 #4 - NÚMERO DE CLASIFICACIÓN DECIMAL DE DEWEY
Classification number 616.9
Item number M562e 2003
Edition number 22
100 1# - ASIENTO PRINCIPAL -- NOMBRE PERSONAL
Nombre personal Merino Amador, Paloma,
Fechas asociadas con el nombre 1974-
245 00 - MENCIÓN DE TITULO
Título Enfermedades del viajero /
Mención de responsabilidad Paloma Merino Amador ; ilustraciones David Lucas
246 14 - VARIACION DEL TÍTULO
Título propiamente dicho o título corto Enfermedades del viajero:
Subtítulo causas, síntomas, soluciones....
260 ## - PUBLICACIÓN, DISTRIBUCIÓN, ETC. (PIE DE IMPRENTA)
Lugar de publicación, distribución, etc Madrid :
Nombre del editor, distribuidor, etc. Edimat Libros,
Fecha de publicación, distribución, etc 2003
300 ## - DESCRIPCIÓN FÍSICA
Extensión 205 p. :
Otros detalles físicos ils. ;
Dimensiones 23 cm
336 ## - CONTENT TYPE
Content type term text
Content type code txt
Source rdacontent
337 ## - MEDIA TYPE
Media type term unmediated
Media type code n
Source rdamedia
338 ## - CARRIER TYPE
Carrier type term volume
Carrier type code nc
Source rdacarrier
490 0# - MENCIÓN DE SERIES
Mención de serie Médico en casa,
Volume/sequential designation 8
504 ## - NOTA DE BIBLIOGRAFÍA, ETC.
Bibliography, etc
590 ## - NOTA LOCAL
Texto de la nota local Inventariado, 2024/VM
650 #4 - ENCABEZAMIENTO DE MATERIA--TEMÁTICO
Término temático o nombre geográfico como elemento de entrada Enfermedades
Subdivisión de forma Preguntas y respuestas.
650 ## - ENCABEZAMIENTO DE MATERIA--TEMÁTICO
Término temático o nombre geográfico como elemento de entrada Enfermedades.
700 1# - ASIENTO SECUNDARIO -- NOMBRE PERSONAL
Nombre personal Lucas, David
Mención de responsabilidad ilustrador
910 ## - VALIDACIÓN
Validación VMateo V. Control de calidad. BPMSU
942 ## - ADDED ENTRY ELEMENTS (KOHA)
Source of classification or shelving scheme Dewey Decimal Classification
Koha item type Libros
Existencias
Withdrawn status Lost status Source of classification or shelving scheme Damaged status Not for loan Collection code Home library Current library Date acquired Total Checkouts Full call number Barcode Date last seen Price effective from Koha item type
    Dewey Decimal Classification     Colección General Biblioteca Pública Metropolitana Salomé Ureña Biblioteca Pública Metropolitana Salomé Ureña 02/13/2024   BPMSU CG 616.9 M562e 2003 BPMSU24020027 02/13/2024 02/13/2024 Libros